Doce escritoras y una guía bibliográfica / (Record no. 205706)
[ view plain ]
| 000 -CABECERA | |
|---|---|
| campo de control de longitud fija | 00831nam a2200253 a 4500 |
| 005 - FECHA Y HORA DE LA ÚLTIMA TRANSACCIÓN | |
| campo de control | 20221122095447.0 |
| 008 - ELEMENTOS DE LONGITUD FIJA--INFORMACIÓN GENERAL | |
| campo de control de longitud fija | 191022s1994 sp r 000 0 spa d |
| 020 ## - NÚMERO INTERNACIONAL NORMALIZADO PARA LIBROS | |
| Número Internacional Estándar del Libro | 8474889820 |
| 035 ## - NÚMERO DE CONTROL DEL SISTEMA | |
| Número de control de sistema | UPN01000233611 |
| 040 ## - FUENTE DE LA CATALOGACIÓN | |
| Centro catalogador/agencia de origen | MX-MxUPN |
| Lengua de catalogación | spa |
| Centro/agencia transcriptor | MX-MxUPN |
| 050 #4 - SIGNATURA TOPOGRÁFICA DE LA BIBLIOTECA DEL CONGRESO | |
| Número de clasificación | Z7961 |
| Número de documento/Ítem | L54 1994 |
| 100 1# - ASIENTO PRINCIPAL--NOMBRE PERSONAL | |
| Nombre de persona | Lledó Cunill, Eulàlia |
| 9 (RLIN) | 47407 |
| 100 1# - ASIENTO PRINCIPAL--NOMBRE PERSONAL | |
| Nombre de persona | Otero Vidal, Mercè |
| 9 (RLIN) | 47227 |
| 245 10 - MENCIÓN DE TÍTULO | |
| Título | Doce escritoras y una guía bibliográfica / |
| 260 ## - PUBLICACIÓN, DISTRIBUCIÓN, ETC. | |
| Lugar de publicación, distribución, etc. | [Bellaterra (Barcelona)] : |
| Nombre del editor, distribuidor, etc. | Universitat Autonoma de Barcelona, Institut de Ciencies de l'Educacio, |
| Fecha de publicación, distribución, etc. | [1994]. |
| 300 ## - DESCRIPCIÓN FÍSICA | |
| Extensión | 114 páginas |
| 490 ## - MENCIÓN DE SERIE | |
| Mención de serie | Cuadernos para la coeducacion ; |
| Designación de volumen o secuencia | 6 |
| 650 #0 - ASIENTO SECUNDARIO DE MATERIA - TERMINO TEMATICO | |
| 9 (RLIN) | 47228 |
| Término de materia o nombre geográfico como elemento de entrada | Mujeres |
| Subdivisión de forma | Bibliografía |
| 650 #0 - ASIENTO SECUNDARIO DE MATERIA - TERMINO TEMATICO | |
| 9 (RLIN) | 47229 |
| Término de materia o nombre geográfico como elemento de entrada | Autoras |
| Subdivisión de forma | Bibliografía |
| 902 ## - ELEMENTOS DE DATOS B LOCAL, LDB (RLIN) | |
| Creó | NoemiAcosta/311022 |
| 905 ## - TIPO DE MATERIAL | |
| Tipo de material | Libro |
| 942 ## - ELEMENTOS DE PUNTO DE ACCESO ADICIONAL (KOHA) | |
| Suprimir en OPAC | No |
| Fuente del sistema de clasificación o colocación | Library of Congress Classification |
| Tipo de ítem Koha | Libro |
| Estado de retiro | Estado de pérdida | Fuente del sistema de clasificación o colocación | Estado dañado | No para préstamo | Código de colección | Localización permanente | Ubicación/localización actual | Ubicación en estantería | Fecha de adquisición | Clasificación | Código de barras | Fecha visto por última vez | Tipo de ítem Koha |
|---|---|---|---|---|---|---|---|---|---|---|---|---|---|
| Library of Congress Classification | Colección General | Bib. Gregorio Torres Quintero | Bib. Gregorio Torres Quintero | Planta baja | 31/10/2022 | Z7961 L54 1994 | 333058 | 31/12/2020 | Libro |
